[Event "Challenge"]
[Site "http://www.queenalice.com/game.php?id=1292457"]
[Date "2014.7.5"]
[Round "-"]
[White "bumpywater"]
[Black "bjaddni"]
[Result "0-1"]
[WhiteElo "1739"]
[BlackElo "1156"]

1. e4 e5 2. Nf3 Nc6 3. Nc3 d6 4. Bb5 Bd7 5. Bxc6 Bxc6 6. d3 Qf6 7. Bg5 Qg6 8.
Qd2 h6 9. Nd5 Bxd5 10. exd5 Be7 11. Nh4 Qh5 12. Bxe7 Nxe7 13. g3 Nxd5 14. f3 g5
15. c4 Nf6 16. Nf5 Qxf3 17. Rf1 Ne4 18. dxe4 Qxe4+ 19. Qe2 Qc6 20. Ng7+ Ke7 21.
Nf5+ Kf8 22. O-O-O b5 23. Ne3 Rb8 24. Qf2 Rh7 25. b3 a5 26. Rd3 a4 27. Nd5 bxc4
28. Qc2 Qc5 29. b4 Rxb4 30. Rd2 Rg7 31. Nxb4 Qxb4 32. Rf3 c6 33. Rc3 d5 34. Re2
f6 35. Qb2 Qc5 36. Qa3 Qe7 37. Qxa4 Qd7 38. Qb4+ Kg8 39. Qb8+ Kf7 40. Rb2 Kg6
41. Rf2 Qe6 42. Qb1+ Kh5 43. Kd2 d4 44. Qd1+ Kg6 45. Qc2+ d3 46. Qa4 e4 47. Rf1
e3+ 48. Ke1 Rb7 49. Qxc4 Rb1+ 0-1

[Event "Challenge"]
[Site "http://www.queenalice.com/game.php?id=1298006"]
[Date "2014.7.29"]
[Round "-"]
[White "bumpywater"]
[Black "bjaddni"]
[Result "0-1"]
[WhiteElo "1720"]
[BlackElo "1186"]

1. e4 e5 2. Nf3 d6 3. d4 exd4 4. Nxd4 c5 5. Bb5+ Bd7 6. Bxd7+ Qxd7 7. Nf3 Nc6 8.
Nc3 g6 9. Nd5 Nge7 10. O-O Bg7 11. Qe2 O-O 12. c3 Rae8 13. Nxe7+ Rxe7 14. Ng5
Re5 15. f3 d5 16. Rd1 Bf6 17. Nh3 d4 18. Bh6 Rfe8 19. Bf4 Rh5 20. Rd2 g5 21. Bg3
Be5 22. Bxe5 Rxe5 23. f4 Rxh3 24. gxh3 gxf4 25. Qg4+ Qxg4+ 26. hxg4 Rxe4 27.
cxd4 Nxd4 28. Kg2 f3+ 29. Kf2 Kf8 30. Re1 Rxg4 31. Rg1 Rf4 32. h3 b5 33. Rg4 Ne6
34. Rxf4 Nxf4 35. Kxf3 Nxh3 36. Rd8+ Ke7 37. Ra8 Ng5+ 38. Kg4 Ne6 39. Rxa7+ Kf6
40. Ra6 b4 41. Rb6 Ke5 42. a4 f5+ 43. Kf3 Nd4+ 44. Kg2 Nb3 45. Rb5 Kd5 46. a5
Kc4 47. Rb7 Nxa5 48. Rxh7 Kb3 49. Rh5 Kxb2 50. Rxf5 Nb3 51. Rf2+ Ka3 52. Kf1 c4
53. Rc2 c3 54. Ke1 Nd4 55. Rc1 c2 56. Kd2 Nb3+ 57. Kxc2 Nxc1 58. Kxc1 b3 59. Kb1
b2 0-1

[Event "Challenge"]
[Site "http://www.queenalice.com/game.php?id=1302758"]
[Date "2014.8.20"]
[Round "-"]
[White "bjaddni"]
[Black "bumpywater"]
[Result "0-1"]
[WhiteElo "1216"]
[BlackElo "1690"]

1. e4 e5 2. Bc4 Qe7 3. d4 Qb4+ 4. Nd2 exd4 5. Qh5 Qe7 6. Ndf3 Nf6 7. Bxf7+ Qxf7
8. Qe5+ Qe7 9. Qxc7 Qd8 10. Qc4 Nc6 11. Ng5 Qa5+ 12. Bd2 Nd8 13. Qe2 Nc6 14. Qc4
Bb4 15. c3 dxc3 16. bxc3 Bxc3 17. Qf7+ Kd8 18. Qxg7 Bxd2+ 19. Kf1 Qb5+ 20. Ne2
Qb2 21. Rd1 Re8 22. g3 Qc2 23. Kg2 Bxg5 24. Qxg5 Qxe4+ 25. Kh3 d6+ 26. g4 Bxg4+
27. Kg3 Qf3+ 28. Kh4 Qh3# 0-1

[Event "Challenge"]
[Site "http://www.queenalice.com/game.php?id=1303391"]
[Date "2014.8.22"]
[Round "-"]
[White "bumpywater"]
[Black "bjaddni"]
[Result "0-1"]
[WhiteElo "1701"]
[BlackElo "1214"]

1. e4 e5 2. Nf3 d6 3. h3 g6 4. Bb5+ c6 5. Ba4 b5 6. Bb3 Nf6 7. d3 d5 8. exd5
Nxd5 9. Nxe5 Bd6 10. Bxd5 Bxe5 11. Qe2 Qxd5 12. O-O O-O 13. Nc3 Bxc3 14. bxc3 c5
15. Bh6 Rd8 16. a3 Bb7 17. Qg4 Nd7 18. c4 Qc6 19. cxb5 Qd5 20. Bg5 Ne5 21. Qg3
Rd7 22. Rae1 Nc6 23. bxc6 Bxc6 24. c4 Qf5 25. Re3 Rd4 26. Re5 Qxd3 27. Qxd3 Rxd3
28. Rxc5 Bd7 29. Rc7 Be6 30. a4 Rb8 31. c5 a6 32. Bf4 Rb4 33. Rc8+ Kg7 34. Rc7
Kg8 35. a5 Rxf4 36. c6 Rd8 37. Ra7 Rc8 38. Rxa6 Bc4 39. Rb6 Bxf1 40. Kxf1 Rc4
41. a6 Re8 42. g3 h5 0-1

[Event "Challenge"]
[Site "http://www.queenalice.com/game.php?id=1305202"]
[Date "2014.8.30"]
[Round "-"]
[White "bumpywater"]
[Black "bjaddni"]
[Result "1-0"]
[WhiteElo "1671"]
[BlackElo "1244"]

1. e4 e5 2. Nf3 Bc5 3. Qe2 d6 4. h3 Nf6 5. Nc3 Nc6 6. b3 Bd4 7. Bb2 Nb4 8. d3
Bd7 9. a3 Bxc3+ 10. Bxc3 Nbd5 11. exd5 Nxd5 12. Bxe5 dxe5 13. Qxe5+ Qe7 14.
Qxe7+ Nxe7 15. Be2 O-O-O 16. O-O Rhe8 17. Ng5 Nd5 18. Bf3 Nc3 19. Nxf7 Rf8 20.
Nxd8 Rxd8 21. Rfe1 c6 22. Re7 Rg8 23. Bg4 Bxg4 24. hxg4 a5 25. a4 h6 26. Rae1
Nd5 27. Re8+ Rxe8 28. Rxe8+ Kc7 29. c4 Nf6 30. Re7+ Kd6 31. Rxg7 Kc5 32. Rg6 Nd7
33. Rxh6 Ne5 34. g5 Nf7 35. Rh5 Kb4 36. g6 1-0

[Event "Challenge"]
[Site "http://www.queenalice.com/game.php?id=1305215"]
[Date "2014.8.30"]
[Round "-"]
[White "bjaddni"]
[Black "bumpywater"]
[Result "1-0"]
[WhiteElo "1242"]
[BlackElo "1673"]

1. e4 e5 2. Nf3 Nc6 3. Bc4 h6 4. O-O Nf6 5. Re1 Bc5 6. a3 d5 7. exd5 Nxd5 8. Bb5
O-O 9. Bxc6 bxc6 10. Nxe5 Qf6 11. c4 Bxf2+ 12. Kh1 Bxe1 13. Qxe1 Re8 14. d4 Nf4
15. Nc3 Nd3 16. Qe2 Nxe5 17. Ne4 Qf5 18. Bxh6 gxh6 19. Rf1 Qg4 20. Nf6+ Kf8 21.
Nxg4 Bxg4 22. Qf2 Re7 23. dxe5 Rae8 24. Qf6 1-0

[Event "Challenge"]
[Site "http://www.queenalice.com/game.php?id=1306749"]
[Date "2014.9.7"]
[Round "-"]
[White "bjaddni"]
[Black "bumpywater"]
[Result "0-1"]
[WhiteElo "1272"]
[BlackElo "1643"]

1. e4 e5 2. Qh5 Nc6 3. Bc4 g6 4. Bxf7+ Kxf7 5. Qf3+ Nf6 6. Ne2 Bc5 7. Nbc3 d6 8.
h3 Rf8 9. d3 Kg8 10. Bh6 Rf7 11. O-O Nd4 12. Nxd4 Bxd4 13. Ne2 Nh5 14. Nf4 Nxf4
15. Bxf4 Rxf4 16. Qg3 Bxb2 17. Rab1 Bd4 18. c3 Bxc3 19. Rbc1 Bd4 20. Qh2 b6 21.
g3 Rf3 22. h4 Bg4 23. h5 Bxh5 24. Qh3 Qc8 25. Qh4 Qf8 26. Rc2 Qf6 27. Qh3 Rxd3
28. Kh2 Rc3 29. Rd2 Rf8 30. f4 Be3 31. Rd5 Rc2+ 32. Kh1 Rf2 33. Rxf2 Bxf2 34. f5
Bf3+ 35. Kh2 Qg5 36. Rd3 Qh5 37. Qxh5 Bxh5 38. Kg2 Bd4 39. Kh3 gxf5 40. exf5 Be2
41. Rd2 Bf1+ 42. Kg4 Be3 43. Rd1 Be2+ 44. Kh4 Bxd1 45. g4 Bf2+ 46. Kg5 e4 47.
Kh5 e3 48. f6 e2 49. f7+ Rxf7 50. Kh6 Be3+ 51. g5 e1=Q 52. a4 Qh1# 0-1

[Event "Challenge"]
[Site "http://www.queenalice.com/game.php?id=1307499"]
[Date "2014.9.11"]
[Round "-"]
[White "bumpywater"]
[Black "bjaddni"]
[Result "0-1"]
[WhiteElo "1645"]
[BlackElo "1270"]

1. e4 e5 2. d4 exd4 3. Qxd4 c5 4. Qe5+ Qe7 5. Nf3 d6 6. Bb5+ Bd7 7. Bxd7+ Nxd7
8. Qd5 O-O-O 9. Bg5 f6 10. Bf4 g5 11. Bg3 Nh6 12. Nc3 Nb6 13. Qb3 Bg7 14. O-O-O
g4 15. Nd2 f5 16. exf5 Nxf5 17. Rhe1 Qf6 18. Nde4 Qh6+ 19. Kb1 Nd4 20. Qa3 Kb8
21. Nb5 Nxb5 22. Qf3 gxf3 23. gxf3 Nc4 24. b3 Nba3# 0-1

[Event "Challenge"]
[Site "http://www.queenalice.com/game.php?id=1308722"]
[Date "2014.9.17"]
[Round "-"]
[White "bumpywater"]
[Black "bjaddni"]
[Result "1-0"]
[WhiteElo "1615"]
[BlackElo "1300"]

1. e4 e5 2. Nf3 Nc6 3. Bc4 Qf6 4. d3 Bc5 5. Qe2 d6 6. c3 Be6 7. Bxe6 fxe6 8. Be3
Bb4 9. cxb4 Nxb4 10. O-O d5 11. exd5 exd5 12. Bg5 Qg6 13. Qxe5+ Kf7 14. Qf4+ Nf6
15. Ne5+ 1-0

[Event "Challenge"]
[Site "http://www.queenalice.com/game.php?id=1309169"]
[Date "2014.9.19"]
[Round "-"]
[White "bjaddni"]
[Black "bumpywater"]
[Result "0-1"]
[WhiteElo "1295"]
[BlackElo "1618"]

1. e4 e5 2. d3 Nf6 3. Nc3 h6 4. f4 exf4 5. Bxf4 d6 6. h3 Nc6 7. Nf3 g5 8. Nxg5
hxg5 9. Bxg5 Be7 10. Be3 a6 11. g4 d5 12. d4 Nxg4 13. Nxd5 Nxe3 14. Nxe3 Nxd4
15. Nd5 Ne6 16. Qf3 c6 17. Qc3 Rh4 18. Ne3 Rxe4 19. Qh8+ Bf8 20. Ke2 Nd4+ 21.
Kd3 Rxe3+ 22. Kxe3 Nxc2+ 23. Kf3 Qd5+ 24. Kf2 Nxa1 25. Bg2 Qf5+ 26. Kg3 Nc2 27.
Rf1 Qg6+ 28. Kh2 Be6 29. Qe5 Bg7 30. Qa5 Ne3 31. Rg1 Qf5 32. Qa4 Nxg2 33. Rxg2
Qxh3+ 34. Kg1 Qe3+ 35. Rf2 O-O-O 36. b4 Qg3+ 37. Kf1 Bc4+ 38. Ke1 Bc3# 0-1

[Event "Challenge"]
[Site "http://www.queenalice.com/game.php?id=1309697"]
[Date "2014.9.22"]
[Round "-"]
[White "bumpywater"]
[Black "bjaddni"]
[Result "1-0"]
[WhiteElo "1621"]
[BlackElo "1292"]

1. e4 e5 2. Nf3 d6 3. Bc4 Be6 4. Bxe6 fxe6 5. d4 Nf6 6. dxe5 Nxe4 7. O-O d5 8.
Nbd2 Nc6 9. Re1 Ng5 10. Nxg5 Qxg5 11. Nf3 Qf5 12. c3 Bc5 13. b4 Bb6 14. Be3 Nxe5
15. Bxb6 Nxf3+ 16. Qxf3 O-O 17. Qxf5 exf5 18. Bxc7 Rac8 19. Bd6 Rf6 20. Be5 Rh6
21. h3 g5 22. Rad1 Rd8 23. c4 g4 24. Rxd5 Rf8 25. Bf4 Rh4 26. hxg4 fxg4 27. Bg3
Rh6 28. Rg5+ Kf7 29. Rxg4 Rf6 30. Be5 Rf5 31. Rg7+ Ke6 32. Bg3+ Kf6 33. Rxh7 Kg6
34. Rxb7 Kh5 35. Re5 Kg4 36. Rxf5 Rxf5 37. Rg7+ Kh5 38. c5 Rf6 39. Rc7 Ra6 40.
b5 Rxa2 41. Kh2 Kg4 42. c6 a5 43. b6 Rb2 44. b7 1-0

[Event "Challenge"]
[Site "http://www.queenalice.com/game.php?id=1310668"]
[Date "2014.9.26"]
[Round "-"]
[White "bjaddni"]
[Black "bumpywater"]
[Result "1-0"]
[WhiteElo "1289"]
[BlackElo "1624"]

1. e4 e5 2. Nf3 Nc6 3. Bb5 Bd6 4. O-O Nd4 5. Nc3 a6 6. Bc4 Nf6 7. Bxf7+ Kxf7 8.
Nd5 Nxd5 9. exd5 h6 10. Nxe5+ Bxe5 11. Qh5+ g6 12. Qxe5 Nf5 13. b4 d6 14. Qc3
Re8 15. Bb2 Re5 16. Rae1 Rxd5 17. g4 Nd4 18. Re4 Qf6 19. Qxc7+ 1-0

[Event "Challenge"]
[Site "http://www.queenalice.com/game.php?id=1311549"]
[Date "2014.9.30"]
[Round "-"]
[White "bumpywater"]
[Black "bjaddni"]
[Result "0-1"]
[WhiteElo "1640"]
[BlackElo "1318"]

1. d4 d5 2. Nc3 c6 3. h3 e6 4. Nf3 Bb4 5. Bd2 Bxc3 6. Bxc3 Nf6 7. Ne5 O-O 8. Bb4
Re8 9. e3 Qb6 10. c3 a5 11. Ba3 Na6 12. Bxa6 Qxa6 13. Qb3 Ne4 14. Qc2 b5 15. b3
f6 16. Ng4 b4 17. cxb4 e5 18. O-O-O Qb5 19. bxa5 Rxa5 20. Qb2 Bxg4 21. hxg4 Nxf2
22. Qxf2 Rxa3 23. Rd2 c5 24. Qe2 Qa5 25. Qd3 c4 26. Qxh7+ Kf7 27. Qh5+ Ke7 28.
dxe5 Qc3+ 29. Rc2 Qxe3+ 30. Kb2 Rxa2+ 31. Kb1 Qxb3+ 0-1

[Event "Challenge"]
[Site "http://www.queenalice.com/game.php?id=1313121"]
[Date "2014.10.7"]
[Round "-"]
[White "bjaddni"]
[Black "bumpywater"]
[Result "1-0"]
[WhiteElo "1347"]
[BlackElo "1629"]

1. e4 c5 2. e5 Nc6 3. f4 d6 4. Qe2 e6 5. d3 dxe5 6. Nf3 Qa5+ 7. Bd2 Qb5 8. b3
Bd6 9. a4 Qb6 10. Nc3 Nd4 11. Nxd4 exd4 12. Ne4 a5 13. f5 Be5 14. g4 Nf6 15. g5
Nxe4 16. Qxe4 Qd6 17. Bg2 Ra6 18. fxe6 Qxe6 19. O-O O-O 20. Rf3 Bc7 21. Qh4 Qg6
22. Re1 Re6 23. c3 Rxe1+ 24. Bxe1 Bd8 25. cxd4 Bxg5 26. Qg3 h6 27. dxc5 Be7 28.
Qc7 Re8 29. Bxa5 Qg5 30. Bb4 Qc1+ 31. Rf1 Qe3+ 32. Kh1 Qxd3 33. c6 Qd8 34. Qf4
Rf8 35. cxb7 Bxb7 36. Bxb7 Bxb4 37. Qxb4 Qd3 38. Rg1 Rb8 39. Qg4 Qh7 40. Be4 g6
41. Bd5 Rd8 42. Qd4 h5 43. Bxf7+ Qxf7 44. Qxd8+ Kh7 45. Qd3 Qb7+ 46. Rg2 Kh6 47.
Qxg6# 1-0

[Event "Challenge"]
[Site "http://www.queenalice.com/game.php?id=1314904"]
[Date "2014.10.12"]
[Round "-"]
[White "bumpywater"]
[Black "bjaddni"]
[Result "1-0"]
[WhiteElo "1602"]
[BlackElo "1374"]

1. e4 e5 2. Nf3 d6 3. Nc3 Bg4 4. h3 Bxf3 5. Qxf3 Qf6 6. Qxf6 Nxf6 7. Bc4 Nc6 8.
Nd5 O-O-O 9. O-O Nxe4 10. d3 Nc5 11. b4 Ne6 12. Be3 b6 13. a4 Kb7 14. a5 Ned4
15. Bxd4 exd4 16. Ba6+ Kb8 17. axb6 cxb6 18. Bb5 Ne5 19. Rfe1 f5 20. Red1 g5 21.
c3 dxc3 22. Nxc3 d5 23. d4 Nf7 24. Ra4 f4 25. Re1 h5 26. Re8 Rxe8 27. Bxe8 Nd6
28. Bc6 Nc4 29. Bxd5 Nb2 30. Ra2 Bxb4 31. Nb5 Rd8 32. Rxb2 Ba5 33. Bf3 a6 34.
Na3 Rxd4 35. Bxh5 Bb4 36. Nc2 Rd1+ 37. Kh2 Bc5 38. Bxd1 Bxf2 39. Nb4 Bg3+ 40.
Kh1 a5 41. Nc6+ Kc7 42. Ba4 Kd6 43. Rxb6 Kc5 44. Rb7 Be1 45. Ne7 Kc4 46. Rb1 Bb4
47. Nf5 Kc3 48. Ng7 Bf8 49. Ne6 1-0

[Event "Challenge"]
[Site "http://www.queenalice.com/game.php?id=1316634"]
[Date "2014.10.20"]
[Round "-"]
[White "bjaddni"]
[Black "bumpywater"]
[Result "0-1"]
[WhiteElo "1367"]
[BlackElo "1629"]

1. e4 e5 2. Nf3 Nc6 3. c3 Nf6 4. Bd3 d5 5. Qc2 Bg4 6. Nh4 d4 7. O-O Bc5 8. b4
Bb6 9. a4 a6 10. c4 Nxb4 11. Qb3 Nxd3 12. Qxd3 O-O 13. Ba3 Re8 14. f3 Bh5 15. f4
exf4 16. Rxf4 Ng4 17. Bb2 Qxh4 18. h3 Qg5 19. Qg3 c6 20. hxg4 Bxg4 21. Rxg4 Qh6
22. Nc3 dxc3+ 23. d4 Bxd4+ 24. Kf1 cxb2 25. Rb1 Qc1+ 26. Ke2 Qc2+ 27. Kf3 Qxb1
28. Qd6 Qf1+ 29. Kg3 Qd3+ 30. Kf4 b1=Q 0-1

[Event "Challenge"]
[Site "http://www.queenalice.com/game.php?id=1318061"]
[Date "2014.10.26"]
[Round "-"]
[White "bumpywater"]
[Black "bjaddni"]
[Result "0-1"]
[WhiteElo "1670"]
[BlackElo "1361"]

1. e4 e5 2. Nf3 Nc6 3. Bc4 a6 4. d3 b5 5. Bd5 Bb7 6. Ng5 Nh6 7. Qf3 Nd4 8. Qd1
Bxd5 9. exd5 Bc5 10. O-O O-O 11. c3 Ndf5 12. b4 Bd6 13. Ne4 c5 14. Nxd6 Nxd6 15.
Bxh6 gxh6 16. bxc5 Nf5 17. Re1 f6 18. Nd2 Kh8 19. Nf3 Qc7 20. Rc1 Rg8 21. d4 Rg7
22. dxe5 fxe5 23. Rxe5 Rf8 24. Qd3 Rgf7 25. d6 Qa5 26. Rc2 Qa4 27. Re4 Qa3 28.
Rce2 Qxc5 29. Re8 Nxd6 30. Rxf8+ Rxf8 31. Re7 Nf5 32. Rxd7 a5 33. h3 Re8 34. Rd8
Rxd8 35. Qxd8+ Kg7 36. Qd7+ Kg6 37. Qe8+ Kg7 38. Qd7+ Ne7 39. Qd4+ Qxd4 40. Nxd4
b4 41. c4 a4 42. Kf1 Kf6 43. Ke1 Ke5 44. Nc2 Nc6 45. Kd2 b3 46. axb3 axb3 47.
Na3 Kd4 48. f4 Kc5 49. Kc3 Nd4 50. g4 Ne2+ 51. Kxb3 Nxf4 52. h4 h5 53. g5 Ng6
54. Nc2 Nxh4 55. Ne3 Nf3 56. Nd5 Nxg5 57. Nf6 h4 58. Nd7+ Kd6 59. Nb6 Kc6 60.
Na4 h3 0-1

[Event "Challenge"]
[Site "http://www.queenalice.com/game.php?id=1330422"]
[Date "2014.12.24"]
[Round "-"]
[White "bjaddni"]
[Black "bumpywater"]
[Result "0-1"]
[WhiteElo "1389"]
[BlackElo "1688"]

1. e4 e5 2. Bc4 Qf6 3. d3 h6 4. Nc3 Bb4 5. a3 Bxc3+ 6. bxc3 Nc6 7. d4 exd4 8.
cxd4 Nxd4 9. Bb2 c5 10. Ne2 d6 11. O-O Nxe2+ 12. Bxe2 Qxb2 13. Qxd6 Qb6 14. Qe5+
Ne7 15. Qxg7 Rg8 16. Qe5 Bh3 17. Bf3 Qg6 18. Qg3 Qxg3 19. fxg3 Bd7 20. g4 O-O-O
21. a4 Bc6 22. a5 a6 23. Rab1 Rd2 24. Bd1 Rg7 25. c4 Rd4 26. Rf6 Bxe4 27. Rbb6
Rxd1+ 28. Kf2 Bc6 29. Rxh6 Rxg4 30. Rh7 Rxg2+ 31. Ke3 Re1+ 32. Kf4 Ng6+ 33. Kf5
Rf1# 0-1

[Event "Challenge"]
[Site "http://www.queenalice.com/game.php?id=1332125"]
[Date "2015.1.2"]
[Round "-"]
[White "bumpywater"]
[Black "bjaddni"]
[Result "1-0"]
[WhiteElo "1692"]
[BlackElo "1385"]

1. e4 e5 2. Nf3 Nc6 3. Nc3 d6 4. Bb5 Bd7 5. h3 Nd4 6. Bxd7+ Qxd7 7. Nxd4 exd4 8.
Nd5 Qc6 9. d3 f5 10. O-O O-O-O 11. a3 Re8 12. Nb4 Qd7 13. Re1 d5 14. exf5 Bxb4
15. axb4 Nf6 16. Rxa7 Qxf5 17. Ra8+ Kd7 18. Rexe8 Rxe8 19. Ra7 b6 20. b3 g5 21.
Bb2 h5 22. Bxd4 Kc6 23. Bxf6 Qxf6 24. Qxh5 Re1+ 25. Kh2 Qe5+ 26. g3 Qf6 27. Kg2
Qd4 28. Qf3 Qxb4 29. Ra4 Qd2 30. Rc4+ Kd6 31. Qf6+ Re6 32. Qf8+ Re7 33. Qd8+ Rd7
34. Qf6# 1-0

[Event "Challenge"]
[Site "http://www.queenalice.com/game.php?id=1358415"]
[Date "2015.5.9"]
[Round "-"]
[White "bjaddni"]
[Black "bumpywater"]
[Result "0-1"]
[WhiteElo "1381"]
[BlackElo "1711"]

1. e4 c5 2. d4 cxd4 3. Qxd4 Nc6 4. Qc3 a6 5. f4 d6 6. Be3 Nf6 7. Nd2 Bg4 8. h3
Be6 9. b3 d5 10. exd5 Nxd5 11. Qd3 Ncb4 12. Qe4 Nxe3 13. Qxb7 Nbxc2+ 14. Kf2
Nxa1 15. Bxa6 Qxd2+ 16. Ne2 Nd1+ 17. Rxd1 Qxd1 18. Qxa8+ Qd8 19. Qc6+ Bd7 20.
Qc3 Qb6+ 21. Nd4 Qxa6 22. a4 e6 23. Qxa1 Bc5 24. Ke3 O-O 0-1

[Event "Challenge"]
[Site "http://www.queenalice.com/game.php?id=1358485"]
[Date "2015.5.9"]
[Round "-"]
[White "bumpywater"]
[Black "bjaddni"]
[Result "1-0"]
[WhiteElo "1714"]
[BlackElo "1378"]

1. e4 e5 2. Nf3 Nc6 3. Bb5 Nd4 4. Nxd4 exd4 5. d3 c6 6. Bc4 b5 7. Bb3 a5 8. a3
a4 9. Ba2 Bb7 10. O-O Bd6 11. Qf3 h6 12. Qxf7# 1-0

[Event "Challenge"]
[Site "http://www.queenalice.com/game.php?id=1358601"]
[Date "2015.5.10"]
[Round "-"]
[White "bumpywater"]
[Black "bjaddni"]
[Result "0-1"]
[WhiteElo "1717"]
[BlackElo "1375"]

1. e4 e5 2. Nf3 Nc6 3. Bb5 Nd4 4. Bc4 b5 5. Bd5 Rb8 6. Nxe5 Nh6 7. d3 Qf6 8. Nf3
d6 9. Nxd4 c5 10. Nxb5 Rxb5 11. Bc6+ Bd7 12. Bxd7+ Kxd7 13. Nc3 Ra5 14. Nd5 Qg6
15. O-O Be7 16. Bxh6 Qxh6 17. Qg4+ Kd8 18. Nxe7 Kxe7 19. Rfe1 Re8 20. a3 c4 21.
b4 Rg5 22. Qf3 Kf8 23. h3 Re6 24. Rad1 Reg6 25. g4 Rf6 26. Qe3 Qh4 27. dxc4 h5
28. Qg3 Qxg3+ 29. fxg3 hxg4 30. h4 Rh5 31. c5 dxc5 32. e5 Rf3 33. Kg2 Rxa3 34.
bxc5 Rc3 35. Rd8+ Ke7 36. Rd2 Rxc5 37. e6 fxe6 38. Rde2 Rc6 39. Ra1 a6 40. Ra4
g5 41. Rxg4 Kf6 42. Rxg5 Rxg5 43. hxg5+ Kxg5 44. Kh3 a5 45. Re5+ Kf6 46. Rxa5
Rxc2 47. Kg4 e5 48. Ra6+ Ke7 49. Kf5 Re2 50. Re6+ Kf7 51. g4 Rf2+ 52. Kg5 Kxe6
0-1